| 000 | 01237nam a22002897a 4500 | ||
|---|---|---|---|
| 999 |
_c20822 _d20822 |
||
| 005 | 20200207160853.0 | ||
| 008 | 200207b xxu||||| |||| 00| 0 spa d | ||
| 020 | _a9789280733617 | ||
| 040 |
_aCO-BoIAVH _cCO-BoIAVH |
||
| 041 | _aspa | ||
| 044 | _ack | ||
| 082 |
_a333.709861 _bP74m |
||
| 110 | _aPrograma de las naciones unidas para el medio ambiente(PNUMA) | ||
| 245 | _aMujeres y recursos naturales liberando el potencial para la consolidación de la paz. | ||
| 260 |
_a: _bPNUMA, _c2013. |
||
| 300 |
_a85 Páginas: _bfotografías y gráficos, _c28 x 22 cm. |
||
| 546 | _aTraducción realizada en 2019 en el marco del proyecto "Apoyando el proceso de construcción de paz en Colombia a través del fortalecimiento de la participación de las mujeres en la gobernanza de los recursos naturales" | ||
| 650 | 0 | _agestión de recursos naturales | |
| 650 | 0 | _aConsolidación de la paz | |
| 650 | 0 | _aComunidades rurales | |
| 650 | 0 | _aConflictos sociales | |
| 650 | 0 |
_aparticipación social _vMujeres |
|
| 710 | _aONU mujeres | ||
| 710 | _aPrograma de las Naciones Unidas para el Desarrollo (PNUD) | ||
| 710 | _aONU medio ambiente | ||
| 942 |
_2ddc _cLIBRO |
||